|
|
|
|
| LEADER |
00000nab a2200000 a 4500 |
| 001 |
vtls000363254 |
| 003 |
SK-MaSNL |
| 005 |
20260303134148.0 |
| 008 |
230217c1989 xo 0 slo |
| 015 |
|
|
|a SNBRB19rr/mm-uuuuu
|
| 035 |
|
|
|a CL0363376
|
| 035 |
|
|
|a urn:nbn:sk:snk-ab6qzd
|
| 035 |
|
|
|a (uuid)33b056e4-680d-4ab1-87f0-4d2ce67745e7
|
| 035 |
|
|
|a (urnnbn)urn:nbn:sk:snk:ar-a05a34
|
| 035 |
|
|
|a (sysno)vtls000363254
|
| 040 |
|
|
|a SNKBUCL
|b slo
|c SNKBUCL
|e AACR2
|
| 041 |
0 |
|
|a slo
|
| 044 |
|
|
|a xo
|c SK
|
| 080 |
|
|
|a 338.3:658.511.2
|2 1981
|
| 080 |
|
|
|a 658.511.2
|2 1981
|
| 100 |
1 |
|
|a Androvič, Peter
|4 aut
|9 1153865
|
| 245 |
1 |
0 |
|a Teoretické prístupy k vymedzeniu pojmu materiálová náročnosť výroby
|c Peter Androvič
|
| 300 |
|
|
|b Lit. 24 zázn. v slov., češ., ruš..
|
| 650 |
0 |
7 |
|a výroba
|2 snkbucl
|9 15916
|
| 650 |
0 |
7 |
|a náročnosť výroby materiálová
|2 snkbucl
|9 1153866
|
| 655 |
|
7 |
|a články z novín a časopisov
|2 snkbucl
|9 267496
|
| 773 |
0 |
|
|t Ekonomický časopis
|g Roč. 37, č. 5 (1989), s. 475-485
|
| 850 |
|
|
|a Slovenská národná knižnica v Martine
|a MTA001
|
| 852 |
|
|
|a SNK
|b KIS3GCP
|
| 954 |
|
|
|a odborná, vedecká literatúra pôvodná (slovenská)
|2 lita
|
| 958 |
|
|
|a NB
|
| 958 |
|
|
|a RK
|
| 958 |
|
|
|a OND
|
| 958 |
|
|
|a EUIPO
|
| 958 |
|
|
|a article27
|
| 992 |
|
|
|a RBX
|
| 999 |
|
|
|c 1960030
|d 1961960
|